MARC

LEADER 00000nam0a2200000 4500
001 84344
005 20231031100542.0
035 |a (RuTPU)RU\TPU\book\90665 
090 |a 84344 
100 |a 20051029d1960 m y0rusy50 ca 
101 0 |a rus 
102 |a RU 
105 |a a z 001zy 
200 1 |a Технология брома и иода  |f В. И. Ксензенко, Д. С. Стасиневич 
210 |a Москва  |c Госхимиздат  |d 1960 
215 |a 303 с.  |c ил. 
320 |a Библиогр. в конце глав 
610 1 |a бром 
610 1 |a иод 
610 1 |a технология 
610 1 |a сырье 
610 1 |a химические свойства 
610 1 |a технология 
610 1 |a соединения 
675 |a 661  |v 3 
700 1 |a Ксензенко  |b В. И.  |g Владимир Иванович 
701 1 |a Стасиневич  |b Д. С.  |g Дмитрий Сергеевич 
801 1 |a RU  |b 63413507  |c 20051029  |g PSBO 
801 2 |a RU  |b 63413507  |c 20190405  |g PSBO 
942 |c BK